|
|
|
|
| LEADER |
02315nam a22004575i 4500 |
| 001 |
978-3-642-14681-7 |
| 003 |
DE-He213 |
| 005 |
20150519182546.0 |
| 007 |
cr nn 008mamaa |
| 008 |
100910s2010 gw | s |||| 0|eng d |
| 020 |
|
|
|a 9783642146817
|9 978-3-642-14681-7
|
| 024 |
7 |
|
|a 10.1007/978-3-642-14681-7
|2 doi
|
| 040 |
|
|
|d GrThAP
|
| 050 |
|
4 |
|a QA76.9.D3
|
| 072 |
|
7 |
|a UN
|2 bicssc
|
| 072 |
|
7 |
|a UMT
|2 bicssc
|
| 072 |
|
7 |
|a COM021000
|2 bisacsh
|
| 082 |
0 |
4 |
|a 005.74
|2 23
|
| 245 |
1 |
0 |
|a Object Databases
|h [electronic resource] :
|b Second International Conference, ICOODB 2009, Zurich, Switzerland, July 1-3, 2009. Revised Papers /
|c edited by Moira C. Norrie, Michael Grossniklaus.
|
| 264 |
|
1 |
|a Berlin, Heidelberg :
|b Springer Berlin Heidelberg,
|c 2010.
|
| 300 |
|
|
|a IX, 167p. 38 illus.
|b online resource.
|
| 336 |
|
|
|a text
|b txt
|2 rdacontent
|
| 337 |
|
|
|a computer
|b c
|2 rdamedia
|
| 338 |
|
|
|a online resource
|b cr
|2 rdacarrier
|
| 347 |
|
|
|a text file
|b PDF
|2 rda
|
| 490 |
1 |
|
|a Lecture Notes in Computer Science,
|x 0302-9743 ;
|v 5936
|
| 505 |
0 |
|
|a Session 1 -- Orthogonal Persistence Revisited -- Verification Technology for Object-Oriented/XML Transactions -- Session 2 -- Compiler Plugins Can Handle Nested Languages: AST-Level Expansion of LINQ Queries for Java -- Active Components as a Method for Coupling Data and Services – A Database-Driven Application Development Process -- Optimization of Object-Oriented Queries Involving Weakly Dependent Subqueries -- Session 3 -- Metamodelling with Datalog and Classes: ConceptBase at the Age of 21 -- Unified Event Model for Object Databases -- Session 4 -- Multi-granular Spatio-temporal Object Models: Concepts and Research Directions -- Mapping XSD to OO Schemas.
|
| 650 |
|
0 |
|a Computer science.
|
| 650 |
|
0 |
|a Database management.
|
| 650 |
1 |
4 |
|a Computer Science.
|
| 650 |
2 |
4 |
|a Database Management.
|
| 700 |
1 |
|
|a Norrie, Moira C.
|e editor.
|
| 700 |
1 |
|
|a Grossniklaus, Michael.
|e editor.
|
| 710 |
2 |
|
|a SpringerLink (Online service)
|
| 773 |
0 |
|
|t Springer eBooks
|
| 776 |
0 |
8 |
|i Printed edition:
|z 9783642146800
|
| 830 |
|
0 |
|a Lecture Notes in Computer Science,
|x 0302-9743 ;
|v 5936
|
| 856 |
4 |
0 |
|u http://dx.doi.org/10.1007/978-3-642-14681-7
|z Full Text via HEAL-Link
|
| 912 |
|
|
|a ZDB-2-SCS
|
| 912 |
|
|
|a ZDB-2-LNC
|
| 950 |
|
|
|a Computer Science (Springer-11645)
|